Impact of Ict Facilities on Rural Education in Backward Regions: (Record no. 15107)
[ view plain ]
| 000 -LEADER | |
|---|---|
| fixed length control field | 00601nam a2200145Ia 4500 |
| 082 ## - DEWEY DECIMAL CLASSIFICATION NUMBER | |
| Classification number | RP.0297 |
| 100 ## - MAIN ENTRY--AUTHOR NAME | |
| Personal name | Pande, Milind |
| Affiliation | MIT School of Telecom Management |
| Place | Pune, India |
| 245 #0 - TITLE STATEMENT | |
| Title | Impact of Ict Facilities on Rural Education in Backward Regions: |
| Sub Title | A Study in The Context of Bpl Families in Marathwada & Vidarbha Regions of Maharashtra State |
| 260 ## - PUBLICATION, DISTRIBUTION, ETC. (IMPRINT) | |
| Year of publication | 2014 |
| Place of publication | Pune |
| 300 ## - PHYSICAL DESCRIPTION | |
| Number of Pages | xxxii, 381p |
| 504 ## - BIBLIOGRAPHY, ETC. NOTE | |
| Bibliography, etc | Include References and Notes |
| 536 ## - FUNDING INFORMATION NOTE | |
| Funding Agency | Indian Council of Social Science Research, New Delhi |
| 650 ## - SUBJECT ADDED ENTRY--TOPICAL TERM | |
| Topical Term | Socio-Economic Aspect |
| Form subdivision | Rural Education |
| Geographic subdivision | Maharashtra |
| -- | India |
| 942 ## - ADDED ENTRY ELEMENTS (KOHA) | |
| Koha item type | Research Reports |
| Source of classification or shelving scheme | Dewey Decimal Classification |
| Withdrawn status | Lost status | Damaged status | Not for loan | Collection code | Home library | Current library | Date acquired | Source of acquisition | Bill Date | Full call number | Accession Number | Price effective from | Koha item type |
|---|---|---|---|---|---|---|---|---|---|---|---|---|---|
| Not For Loan | ICSSR Research Project Reports | NASSDOC Library | NASSDOC Library | 11/10/2017 | Gifted by : RP Division, ICSSR | 2017-10-09 | RP.0297 | 49426 | 18/04/2019 | Research Reports |
